000 00863nam a2200229 a 4500
001 000007181
005 20200929154104.0
008 090907s1988 dr 000 0 spa d
020 _a8439923309
040 _aDO-SdBNP
_bspa
_cBNPHU
082 _axxx
_bA366r
100 1 _aAlegría, José S.
_919939
245 1 0 _aRetablos de la aldea :
_bestampas de tipos puertorriqueños /
_cJosé S. Alegría ; prólogo de Concha Meléndez ; ilustraciones de Carlos Marichal.
250 _a11a ed.
260 _aSanto Domingo :
_bColección de Estudios Puertorriqueños San Juan de Puerto Rico,
_c1988.
300 _a144 p. :
_bil. ;
_c22 cm.
490 1 _aEstudios puertorriqueños
500 _aIncluye datos biográficos del autor
700 1 _aMeléndez, Concha,
_eprólogo
_96264
700 1 _aMarichal, Carlos,
_eil.
_919940
830 0 _aEstudios puertorriqueños
_919941
999 _c6962
_d6962